All 5-Letter Words Starting with “B” - Statistics

General Stats
  • This quiz has been taken 868 times
    689 since last reset
  • The average score is 221 of 651
Answer Stats
Word % Correct
balls
87%
black
87%
backs
85%
bears
80%
bands
79%
bills
79%
banks
78%
barks
78%
beans
78%
bends
78%
blood
78%
brown
78%
bells
77%
blues
77%
break
77%
books
76%
bread
76%
beats
75%
boots
75%
burns
75%
barns
74%
beers
74%
birds
74%
bored
74%
bulls
74%
block
73%
brain
73%
bully
73%
bangs
72%
beams
72%
bones
72%
bares
71%
binds
71%
brand
71%
brave
71%
beads
70%
bikes
70%
blows
70%
bucks
70%
bakes
69%
bards
69%
bleed
69%
booms
69%
bores
69%
bowls
69%
brick
69%
bunny
69%
busts
69%
beast
68%
bland
68%
boats
68%
brake
68%
bring
68%
bases
67%
beaks
67%
bests
67%
bride
67%
babes
66%
baggy
66%
blame
66%
blast
66%
blind
66%
bonds
66%
braid
66%
breed
66%
brows
66%
baked
65%
baker
65%
beets
65%
billy
65%
bites
65%
blade
65%
blond
65%
bloom
65%
brine
65%
broke
65%
buggy
65%
b****
64%
belly
64%
blink
64%
brags
64%
brats
64%
buddy
64%
buffs
64%
build
64%
bushy
64%
baths
63%
beeps
63%
board
63%
boils
63%
bails
62%
becks
62%
berry
62%
boxes
62%
broom
62%
bunks
62%
banes
61%
barge
61%
baste
61%
batty
61%
beach
61%
beefs
61%
belts
61%
biles
61%
blank
61%
boons
61%
bossy
61%
brews
61%
bumps
61%
butts
61%
b****
60%
bales
60%
bared
60%
busty
60%
based
59%
blaze
59%
blogs
59%
beard
58%
bless
58%
bliss
58%
blown
58%
brash
58%
brink
58%
brood
58%
brush
58%
baits
57%
bates
57%
biker
57%
blare
57%
bloke
57%
boars
57%
baddy
56%
batch
56%
birth
56%
boxed
56%
brute
56%
bally
55%
basks
55%
begin
55%
bendy
55%
blush
55%
boxer
55%
brass
55%
brawn
55%
broth
55%
b****
54%
bathe
54%
biked
54%
blend
54%
bolts
54%
brace
54%
brook
54%
beady
53%
bides
53%
biggy
53%
bleak
53%
blurs
53%
bobby
53%
bodes
53%
bongs
53%
bower
53%
burps
53%
binge
52%
bingo
52%
biter
52%
bling
52%
blips
52%
boned
52%
booty
52%
burnt
52%
burst
52%
buyer
52%
badge
51%
blobs
51%
blots
51%
boast
51%
boggy
51%
bolds
51%
bonks
51%
boost
51%
brail
51%
broad
51%
bulks
51%
bandy
50%
bitty
50%
bluff
50%
blunt
50%
booze
50%
brill
50%
balds
49%
barbs
49%
bloop
49%
bolls
49%
brawl
49%
buffy
49%
built
49%
bungs
49%
bunts
49%
barfs
48%
birch
48%
boors
48%
bound
48%
bouts
48%
brits
48%
butty
48%
balms
47%
bawls
47%
beals
47%
beefy
47%
bleep
47%
bombs
47%
boney
47%
booby
47%
booth
47%
bowed
47%
brads
47%
brays
47%
brigs
47%
brims
47%
brisk
47%
bulky
47%
banjo
46%
baser
46%
bated
46%
began
46%
bleat
46%
botch
46%
bowel
46%
brans
46%
brock
46%
bumpy
46%
basic
45%
biffs
45%
blimp
45%
bulbs
45%
butch
45%
balks
44%
barer
44%
barry
44%
bench
44%
biddy
44%
blabs
44%
bocks
44%
braze
44%
babas
43%
baled
43%
blued
43%
bream
43%
bunds
43%
buzzy
43%
basin
42%
bloat
42%
boles
42%
budge
42%
bunch
42%
bagel
41%
baldy
41%
baler
41%
barky
41%
bassy
41%
bents
41%
bluer
41%
bongo
41%
brief
41%
buses
41%
baned
40%
beery
40%
below
40%
blear
40%
borer
40%
bribe
40%
brung
40%
burks
40%
bible
39%
bider
39%
blags
39%
bonny
39%
borne
39%
burls
39%
burrs
39%
basis
38%
basts
38%
bayer
38%
beige
38%
bevel
38%
brunt
38%
burry
38%
butte
38%
basil
37%
beaky
37%
beech
37%
busks
37%
bacon
36%
barny
36%
benny
36%
berks
36%
bines
36%
blurt
36%
boded
36%
broil
36%
buoys
36%
burgs
36%
barms
35%
berth
35%
bided
35%
blase
35%
balmy
34%
barmy
34%
bayed
34%
beamy
34%
being
34%
bilks
34%
boffs
34%
braws
34%
bugle
34%
bulge
34%
burly
34%
barre
33%
begun
33%
bergs
33%
blubs
33%
bravo
33%
bubby
33%
baton
32%
blats
32%
boing
32%
bonus
32%
bries
32%
briny
32%
badly
31%
baffs
31%
baron
31%
bidet
31%
birks
31%
bluey
31%
boomy
31%
borks
31%
briar
31%
bruts
31%
babel
30%
belch
30%
bison
30%
boozy
30%
boppy
30%
brank
30%
begat
29%
beget
29%
blest
29%
bogus
29%
butes
29%
bytes
29%
banal
28%
belie
28%
belle
28%
bints
28%
blams
28%
blate
28%
brant
28%
bawdy
27%
blurb
27%
bogey
27%
bough
27%
bilge
26%
boogy
26%
borts
26%
brees
26%
balky
25%
beaut
25%
begot
25%
beset
25%
boron
25%
bozos
25%
bruin
25%
burds
25%
burka
25%
burse
25%
buxom
25%
banns
24%
batts
24%
betas
24%
beths
24%
biffy
24%
bigot
24%
bimbo
24%
biros
24%
blaws
24%
blowy
24%
bolos
24%
burbs
24%
beano
23%
beret
23%
biers
23%
biner
23%
bisks
23%
blitz
23%
bothy
23%
brins
23%
bairn
22%
berms
22%
blahs
22%
blain
22%
bolas
22%
boule
22%
brent
22%
brusk
22%
beaus
21%
befit
21%
benes
21%
blimy
21%
blini
21%
bogie
21%
botts
21%
brier
21%
broos
21%
basal
20%
basso
20%
belay
20%
birls
20%
bitsy
20%
blocs
20%
brava
20%
briss
20%
bubba
20%
burke
20%
bursa
20%
bused
20%
bight
19%
biped
19%
blite
19%
bluet
19%
burro
19%
baffy
18%
baize
18%
balsa
18%
bawds
18%
bezel
18%
bijou
18%
biome
18%
blume
18%
bobos
18%
booed
18%
boras
18%
borax
18%
brach
18%
brose
18%
bitts
17%
blent
17%
bourn
17%
brith
17%
byres
17%
baals
16%
baulk
16%
bento
16%
bibes
16%
bicep
16%
birrs
16%
boink
16%
bonne
16%
bravi
16%
brome
16%
brune
16%
bancs
15%
banda
15%
barde
15%
bauds
15%
bawks
15%
beaux
15%
betel
15%
bevvy
15%
bindi
15%
bliny
15%
braes
15%
breve
15%
bulgy
15%
bundt
15%
bunns
15%
bahts
14%
bassi
14%
bayou
14%
blech
14%
bolus
14%
boody
14%
bosks
14%
bosom
14%
bouse
14%
balas
13%
bigly
13%
bises
13%
boart
13%
bogle
13%
brens
13%
brios
13%
buppy
13%
burqa
13%
bylaw
13%
baaed
12%
baboo
12%
barbe
12%
bawns
12%
beryl
12%
bilbo
12%
blaff
12%
boffo
12%
bonce
12%
boral
12%
bosun
12%
botas
12%
boyos
12%
bract
12%
buras
12%
bacca
11%
balti
11%
banty
11%
barca
11%
batik
11%
besot
11%
betta
11%
bices
11%
bunko
11%
burgh
11%
babus
10%
banco
10%
battu
10%
belon
10%
benne
10%
bibbs
10%
blebs
10%
blets
10%
bocce
10%
bohos
10%
boson
10%
broch
10%
bruit
10%
bulla
10%
byway
10%
baccy
9%
baric
9%
beton
9%
bilgy
9%
bimas
9%
biota
9%
birse
9%
blawn
9%
bowse
9%
britt
9%
begum
8%
benni
8%
bigos
8%
bilby
8%
binal
8%
birle
8%
boite
8%
borty
8%
bosky
8%
boult
8%
braza
8%
brede
8%
buffo
8%
bunco
8%
busby
8%
babka
7%
bedel
7%
begad
7%
beses
7%
biogs
7%
bipod
7%
bizes
7%
bocci
7%
bolar
7%
bombe
7%
boric
7%
bousy
7%
boyar
7%
braky
7%
braxy
7%
bromo
7%
bronc
7%
brosy
7%
bubus
7%
buret
7%
butle
7%
baith
6%
bazar
6%
berme
6%
bogan
6%
bunas
6%
buran
6%
burin
6%
baiza
5%
bebop
5%
bedew
5%
befog
5%
bemas
5%
besom
5%
bhaji
5%
bialy
5%
botel
5%
bourg
5%
bucko
5%
burfi
5%
babul
4%
barfi
4%
beedi
4%
belga
4%
bevor
4%
bhuts
4%
bidis
4%
buffi
4%
buteo
4%
bazoo
3%
bedad
3%
bedim
3%
begem
3%
beigy
3%
bumph
3%
butyl
3%
bawty
2%
bemix
2%
bhang
2%
biali
2%
bield
2%
bifid
2%
bikie
2%
bimah
2%
boeuf
2%
bokeh
2%
bonze
2%
bortz
2%
bovid
2%
brugh
2%
bumfs
2%
bwana
2%
barye
1%
becap
1%
bewig
1%
bezil
1%
bhoot
1%
binit
1%
biont
1%
blype
1%
bohea
1%
boxla
1%
boyla
1%
bubal
1%
buhls
1%
buhrs
1%
bunya
1%
butoh
1%
butut
1%
byrls
1%
byssi
1%
No matching quizzes found
Score Distribution
Percent of People with Each Score
Percentile by Number Answered
Your Score History
You have not taken this quiz since the last reset